000 01591nam a22003137a 4500
001 457
003 OSt
005 20250703150907.0
008 250703b |||||||j |||| 00| 1 eng d
020 _a9788543103044
040 _bpor
041 _heng
_apor
082 _aIJ 028.5
_bB724d
100 _aBooks, Herobrine
_9912
240 _aDiary of a Minecraft zombie #3
245 _aDiário de um zumbi do Minecraft:
_bFérias do terror /
_cBooks, Herobrine ; Tradução de Ana Ban.
260 _aRio de Janiero
_bSextante
_c2015
300 _a112 p.
520 _aSim, zumbis também tiram férias! Mas isso não significa dias tranquilos...Ele sobreviveu ao ano letivo e desafiou um golem de ferro. Escapou de um fofo coelho assassino e encarou Mutante, o aluno novo de 2 metros de altura. Ufa! Acho que o Zumbi merece um descanso, não?Não!Zumbi, Esquely, Slimey, Creepy e o humano Steve estão de volta, de férias e com as mochilas prontas para visitar o melhor parque de diversões de todo o Mundo Superior: o Mundo Aterrorizante!Junte-se a eles no brinquedo mais assustador do parque, escale montanhas perigosas e entre no Templo da Selva, onde se encontra a rara esmeralda do desejo, capaz de realizar qualquer pedido.Embarque Nas Melhores Férias Zumbis De Todos Os Tempos!
650 0 _aInfantojuvenil
_9200
650 0 _aZumbi
_9914
650 0 _aMinecraft
_9915
650 0 _aAventura
_947
655 0 _aFicção
_922
655 0 _aRomance
_923
700 _aAna Ban
_eTradutor
_9203
830 _aDiário de um Zumbi do Minecraft
_9913
_vvol. 03
942 _2ddc
_n0
_cBK
999 _c457
_d457